Patterns in the early poetry of Israel. (Record no. 32875)
[ view plain ]
| 000 -LEADER | |
|---|---|
| fixed length control field | 00791nam a2200217 4500 |
| 008 - FIXED-LENGTH DATA ELEMENTS--GENERAL INFORMATION | |
| fixed length control field | 090213t19641963ilu b 000 0 eng |
| 100 1# - MAIN ENTRY--PERSONAL NAME | |
| Personal name | Gevirtz, Stanley. |
| Dates associated with a name | 1929- |
| 245 10 - TITLE STATEMENT | |
| Title | Patterns in the early poetry of Israel. |
| Statement of responsibility, etc | Stanley Gevirtz |
| 260 ## - PUBLICATION, DISTRIBUTION, ETC. (IMPRINT) | |
| Place of publication, distribution, etc | Chicago : |
| Name of publisher, distributor, etc | University of Chicago Press, |
| Date of publication, distribution, etc | [1964, c1963] |
| 300 ## - PHYSICAL DESCRIPTION | |
| Extent | x, 97 p. |
| Dimensions | 24 cm. |
| 336 ## - CONTENT TYPE | |
| Content Type Term | text |
| 337 ## - MEDIA TYPE | |
| Media Type Term | unmediated |
| 338 ## - CARRIER TYPE | |
| Carrier Type Term | volume |
| 490 1# - SERIES STATEMENT | |
| Series statement | Oriental Institute of the University of Chicago. Studies in ancient Oriental civilization, |
| Volume number/sequential designation | no. 32 |
| 504 ## - BIBLIOGRAPHY, ETC. NOTE | |
| Bibliography, etc | Bibliographical footnotes. |
| 650 #4 - SUBJECT ADDED ENTRY--TOPICAL TERM | |
| Topical term or geographic name as entry element | Hebrew poetry |
| General subdivision | History and criticism. |
| 951 ## - EQUIVALENCE OR CROSS-REFERENCE-GEOGRAPHIC NAME/AREA NAME [OBSOLETE] [CAN/MARC only] | |
| General subdivision | 00037400 |
| 810 1# - SERIES ADDED ENTRY--CORPORATE NAME | |
| Corporate name or jurisdiction name as entry element | Chicago. |
| Subordinate unit | University. |
| -- | Oriental Institute. |
| Title of a work | Studies in ancient Oriental civilization, |
| Volume/sequential designation | no. 32 |
| 942 ## - ADDED ENTRY ELEMENTS (KOHA) | |
| Source of classification or shelving scheme | Library of Congress Classification |
| Item type | Books |
| Withdrawn status | Lost status | Source of classification or shelving scheme | Damaged status | Not for loan | Home library | Current library | Shelving location | Date acquired | Inventory number | Shelving control number | Total Checkouts | Full call number | Barcode | Date last seen | Price effective from | Koha item type |
|---|---|---|---|---|---|---|---|---|---|---|---|---|---|---|---|---|
| Library of Congress Classification | BSOP Library | BSOP Library | GC | 12/21/2000 | 32687 | 127 | CB251 G33 | 00037400 | 02/23/2013 | 02/23/2013 | Books |
